000 00412nab a2200145Ia 4500
003 ES-SlBCS
005 20210601125054.0
008 140529s1981 xxu||||| |||| 00| 0 eng d
041 _aeng
100 1 _aKennedy, Robert S.
_9153676
245 0 0 _aSaving the Philippine Eagle
_c Robert S. Kennedy
650 0 4 _aÁguila
_9152834
773 0 _tNational Geographic
_gnº. 6, 1981, págs. 846-856
_wRev289
942 _cAR
999 _c524304
_d524304